UM Logo
Normal view MARC view
  • Paninsoro, Resweetcel B.

Entry Personal Name

Number of records used in: 1

001 - CONTROL NUMBER

  • control field: 35013

003 - CONTROL NUMBER IDENTIFIER

  • control field: OSt

005 - DATE AND TIME OF LATEST TRANSACTION

  • control field: 20190124113606.0

008 - FIXED-LENGTH DATA ELEMENTS

  • fixed length control field: 190124|| aca||aabn | a|a d

040 ## - CATALOGING SOURCE

  • Original cataloging agency: OSt
  • Transcribing agency: OSt

100 ## - HEADING--PERSONAL NAME

  • Personal name: Paninsoro, Resweetcel B.

670 ## - SOURCE DATA FOUND

  • Source citation: Work cat.: (OSt): Fiel, Joycee Mae S. 35011, Language learning styles of senior high school students in UM Digos , October 2018.